|
|
|
|
| LEADER |
00000nam a22000007a 4500 |
| 005 |
20210504221450.0 |
| 007 |
cr|||| |||| |
| 008 |
210504s2011 co |||||s|||| 00||0 spa d |
| 020 |
|
|
|a 978-958-665-176-9
|
| 035 |
|
|
|a 33180
|
| 040 |
|
|
|a vLex
|
| 090 |
|
|
|c 11610
|d 11610
|
| 100 |
1 |
|
|a Muǫz Grisales, Rodrigo
|
| 245 |
1 |
0 |
|a Formar en administracin̤
|h [Recurso electrn̤ico] :
|b Por una nueva fundamentacin̤ filosf̤ica /
|c Rodrigo Muǫz Grisales
|
| 256 |
|
|
|a Servicio en ln̕ea
|
| 260 |
|
|
|a Bogot:̀
|b Siglo del Hombre Editores,
|c 2011
|
| 300 |
|
|
|a 1 recurso electrn̤ico
|
| 500 |
|
|
|a Esta obra busca la proposicin̤ de un cimiento filosf̤ico para la administracin̤ y pone en suspenso los tradicionales supuestos y basamentos de la construccin̤ interna del saber de esta disciplina al pensarla desde un afuera desprovisto de todo afǹ de rentabilidad, productividad o eficiencia. El libro tiene tambiň una intencin̤ pedagg̤ica y divulgativa al presentar una revisin̤ pormenorizada y sucesiva de las ideas y contribuciones de diversos autores que se han apoyado en la filosofa̕ y las ciencias sociales para abrir caminos alternativos a la administracin̤. Coedicin̤ con la Universidad EAFIT, Medelln̕, Colombia.
|
| 506 |
1 |
|
|a Disponible solo en los productos indicados
|d vLex Global
|d vLex Global (Academic Edition, excluding Law Schools)
|d vLex Global (U.S. Academic Edition, Law Schools)
|d vLex Global (U.S. Academic Edition, excluding Law Schools)
|d vLex Global (Academic Edition, Law Schools)
|
| 650 |
0 |
4 |
|a Ciencias sociales
|z Colombia
|
| 650 |
0 |
4 |
|a Humanidades
|z Colombia
|
| 740 |
0 |
|
|a vLex Libros (Servicio en ln̕ea)
|
| 856 |
4 |
0 |
|u https://vlex.com/source/formar-en-administracion-por-una-nueva-fundamentacion-filosofica-33180
|z Acceso restringido
|
| 942 |
|
|
|c BOOK
|
| 999 |
0 |
|
|a Social Sciences
|
| 999 |
0 |
|
|a Humanities
|